سيكولوجية الإكتئاب / (رقم التسجيلة. 11)

تفاصيل مارك
000 -الفاتح
عناصر البيانات ثابتة الطول 00754cam a2200193 i 4500
005 - تاريخ ووقت آخر معاملة
حقل ضبط 20251112093301.0
008 - عناصر البيانات ثابتة الطول
عناصر البيانات ثابتة الطول 250721s1985 su gr 000 0 ara d
041 1# - كود اللغة
كود اللغة لنص/مسار صوت أو عنوان منفصل arra
كود اللغة للأصل eng
082 14 - رقم تصنيف ديوي العشري
رقم التصنيف 157
رقم المادة ل ي ف
100 1# - مدخل رئيسي – اسم شخصي
الاسم الشخصي يوجين، ليفيت
علاقة الشخص بالعمل/ دوره مؤلف.
245 10 - بيان العنوان
العنوان سيكولوجية الإكتئاب /
بيان المسؤولية تأليف يوجين ليفيت, برنارد لوبين ؛ تعريب ونقد وتعليق الدكتور عزت عبد العظيم الطويل.
264 31 - بيانات النشر، التوزيع…إلخ
مكان النشر، التوزيع...إلخ الرياض :
اسم الناشر، الموزع...إلخ دار المريخ للنشر،
تاريخ النشر، التوزيع...إلخ 1985.
300 ## - الوصف المادي
عدد الوحدات المكونة للوعاء 248 صفحة.
650 17 - مدخل إضافي بالموضوع - مصطلح موضوعي
مصطلح موضوعي أو اسم جغرافي كعنصر مدخل الكآبة.
700 1# - مدخل إضافي - اسم شخصي
الاسم الشخصي لوبين، برنارد.
علاقة الشخص بالعمل/ دوره مؤلف.
700 1# - مدخل إضافي - اسم شخصي
الاسم الشخصي الطويل، عزت عبد العظيم
علاقة الشخص بالعمل/ دوره مترجم.
942 ## - بيانات إضافية (كوها)
نوع التنصيف Dewey Decimal Classification
نوع المادة (كوها) كتب
المقتنيات
حالة السحب حالة الفقدان مصدر التصنيف حالة التلف غير قابل للإعارة المكتبة الرئيسية المكتبة الحالية موقع الرف تاريخ التزويد الرقم المتسلسل Total Checkouts رقم الإستدعاء الباركود تاريخ آخر ظهور تاريخ الفاتورة نوع المادة (كوها)
    Dewey Decimal Classification     المكتبة المركزية المكتبة المركزية الإعارة 06/07/2004 135719   157 / ل ي ف 135719 28/07/2025 06/07/2004 كتب
    Dewey Decimal Classification Unchecked   مكتبة الحسن العامة مكتبة الحسن العامة الإعارة 06/07/2004 2629   157/ليف   28/07/2025 06/07/2004 كتب
    Dewey Decimal Classification     مكتبة حمزة العامة مكتبة حمزة العامة الإعارة 09/06/2015 [3336]   157/ليف PLD00329764 28/07/2025 09/06/2015 كتب
Implemented & Customized by: BBB with SCIT (Smart Chains for Information Technology)

Powered by Koha